| 000 | 00000nam##2200000za#4500 |
| 001 | 9.643046 |
| 003 | CaOODSP |
| 005 | 20210624224005 |
| 007 | cr ||||||||||| |
| 008 | 150407|1994||||xxc|||||o f|0| 0 fre|d |
| 040 | |aCaOODSP|bfre |
| 043 | |an-cn--- |
| 086 | 1 |aEn164-45/1994F-PDF |
| 110 | 1 |aCanada. |bEnvironnement Canada. |
| 245 | 10|aL'Accord Canada-Ontario de 1994 concernant l'écosystème du bassin des Grands Lacs |h[ressource électronique] |
| 260 | |aOttawa - Ontario : |bEnvironnement Canada |c[1994]. |
| 300 | |a13p. |
| 590 | |a14-21-Supp|b2014-12-11 |
| 691 | 07|aAccord international|2gcpds |
| 691 | 07|aQualité de l'eau|2gcpds |
| 775 | 08|tThe 1994 Canada-Ontario Agreement Respecting the Great Lakes Basin Ecosystem |w(CaOODSP)9.698982 |
| 856 | 40|ahttp://publications.gc.ca|qPDF|s79 Ko|uhttps://publications.gc.ca/collections/collection_2014/ec/En164-45-1994-fra.pdf |